000 00669am a2200241a 44500
003 AR-BaBNM
005 20251128211129.0
008 052120s1985 #AR|||||||||||000 | esp||
020 _a84-239-1661-8
040 _cAR-BaBNM
100 1 _aBerger, Peter L.
245 1 0 _aLa reinterpretación de la sociología
_bensayo sobre el método y la vocación sociológicos
260 _aMadrid
_bEspasa Calpe
_c1985
300 _a214 p.
490 0 _aAustral
_vv. 1661
650 4 _aSOCIOLOGIA
650 4 _aEPISTEMOLOGIA
650 4 _aSIGLO VEINTE
700 1 _aKellner, Hansfried
700 1 _aGarcía Cotarelo, Ramón
_etraductor
942 _cBK
998 _calicia
999 _c18371
_d18371